000 00760nam a2200277Ia 4500
001 4716
005 20240113233755.0
007 ta
008 050614s1980 g b000 u asm u
020 _cHB
040 _aCotton College,Assam
041 _aasm
082 _a891.4109
_bHa 336 Sa
100 _aHazarika, Surya Kanta .
245 0 _aSanskriti-Sanchayan /
_cSurya Kanta Hazarika.
_hTextual Documents
250 _a2nd ed. /
260 _aDibragarh :
_bDibragarh Sahitya Sabha ,
_c1980.
300 _a117p. ;
_c21cm.
653 _aAssamese Culture-Criticism
653 _aAssamese Literature-Criticism
653 _aAssamese Essays-Criticism
653 _aPG-Assamese
942 _2ddc
_cBK
999 _c4703
_d4703